[Event "3FoglarVeterans_SIM_B"]
[Site "?"]
[Date "2007.??.??"]
[Round "?"]
[White "Maksimov, Yuri I."]
[Black "Brousek, Jiri"]
[Result "1-0"]
[WhiteElo "2365"]
[BlackElo "2353"]
[PlyCount "29"]
[EventDate "2007.??.??"]
[EventType "corr"]
[SourceDate "2007.05.17"]

1. e4 e6 2. d4 d5 3. Nd2 Nf6 4. e5 Nfd7 5. Bd3 c5 6. c3 Nc6 7. Ngf3 g5 8. h3 h5
9. Bc2 g4 10. hxg4 cxd4 11. cxd4 Be7 12. gxh5 Qa5 13. Kf1 Nb4 14. Nb3 Qd8 15.
Bb1 1-0

[Event "3FoglarVeterans_SIM_B"]
[Site "?"]
[Date "2007.??.??"]
[Round "?"]
[White "Vasile, Constantin"]
[Black "Christiansen, Tonny"]
[Result "1/2-1/2"]
[WhiteElo "2244"]
[BlackElo "2340"]
[PlyCount "65"]
[EventDate "2007.??.??"]
[EventType "corr"]
[SourceDate "2007.05.17"]

1. e4 c5 2. Nf3 d6 3. d4 cxd4 4. Nxd4 Nf6 5. Nc3 a6 6. Be3 e6 7. Be2 Qc7 8. O-O
b5 9. a3 Bb7 10. Bh5 Qc5 11. Bg4 Qc4 12. f4 Nxe4 13. Nxe4 Bxe4 14. Bf3 Qd5 15.
c3 Nd7 16. a4 Be7 17. axb5 axb5 18. Rxa8+ Qxa8 19. Nxb5 O-O 20. c4 Bxf3 21.
Qxf3 Qxf3 22. Rxf3 Rb8 23. b3 d5 24. Bd4 Bb4 25. Na7 dxc4 26. bxc4 Bc5 27. Bxc5
Nxc5 28. Ra3 h5 29. Nc6 Rb6 30. Ra8+ Kh7 31. Nd8 Kg6 32. g3 f6 33. Ra5 1/2-1/2

[Event "3FoglarVeterans_SIM_B"]
[Site "?"]
[Date "2007.??.??"]
[Round "?"]
[White "Maksimov, Yuri I."]
[Black "Nocci, Roberto"]
[Result "0-1"]
[WhiteElo "2365"]
[BlackElo "2311"]
[PlyCount "38"]
[EventDate "2007.??.??"]
[EventType "corr"]
[SourceDate "2007.05.17"]

1. e4 c5 2. Nf3 Nc6 3. Bb5 d6 4. O-O Bg4 5. h3 Bh5 6. c3 a6 7. Bxc6+ bxc6 8. d4
cxd4 9. cxd4 Nf6 10. Nc3 e6 11. Qa4 Qd7 12. e5 Nd5 13. Nd2 c5 14. Qxd7+ Kxd7
15. Nc4 Re8 16. Bg5 cxd4 17. Nxd5 exd5 18. Nb6+ Kc6 19. Bd8 Rxd8 0-1

[Event "3FoglarVeterans_SIM_B"]
[Site "?"]
[Date "2007.??.??"]
[Round "?"]
[White "Vasile, Constantin"]
[Black "Brousek, Jiri"]
[Result "0-1"]
[WhiteElo "2244"]
[BlackElo "2353"]
[PlyCount "46"]
[EventDate "2007.??.??"]
[EventType "corr"]
[SourceDate "2007.05.17"]

1. e4 e6 2. d4 d5 3. Nc3 Nf6 4. e5 Nfd7 5. f4 c5 6. Nf3 Nc6 7. Be3 cxd4 8. Nxd4
Bc5 9. Qd2 O-O 10. O-O-O a6 11. h4 Nxd4 12. Bxd4 b5 13. h5 b4 14. Ne2 a5 15.
Bxc5 Nxc5 16. Nd4 Qb6 17. h6 g6 18. Qe3 Bd7 19. g4 a4 20. Bg2 b3 21. cxb3 axb3
22. a3 Rfc8 23. Kb1 Na4 0-1

[Event "3FoglarVeterans_SIM_B"]
[Site "?"]
[Date "2007.??.??"]
[Round "?"]
[White "Woznica, Miroslaw"]
[Black "Weber, Karlheinz"]
[Result "1/2-1/2"]
[WhiteElo "2303"]
[BlackElo "2298"]
[PlyCount "42"]
[EventDate "2007.??.??"]
[EventType "corr"]
[SourceDate "2007.05.17"]

1. e4 e5 2. Nf3 Nc6 3. Bb5 a6 4. Ba4 d6 5. O-O Nf6 6. Bxc6+ bxc6 7. d4 exd4 8.
Qxd4 Be7 9. e5 c5 10. Qa4+ Bd7 11. Qb3 Ng4 12. exd6 cxd6 13. Re1 Rb8 14. Qd3
O-O 15. Nc3 Bc6 16. Nd5 Bf6 17. Nxf6+ Qxf6 18. Bg5 Qxb2 19. Qxd6 Bxf3 20. gxf3
Rb6 21. Qc7 Rb7 1/2-1/2

[Event "3FoglarVeterans_SIM_B"]
[Site "?"]
[Date "2007.??.??"]
[Round "?"]
[White "Nocci, Roberto"]
[Black "Illetsko, Jaroslav"]
[Result "1/2-1/2"]
[WhiteElo "2311"]
[BlackElo "2262"]
[PlyCount "38"]
[EventDate "2007.??.??"]
[EventType "corr"]
[SourceDate "2007.05.17"]

1. d4 Nf6 2. Bf4 g6 3. e3 Bg7 4. Nf3 O-O 5. Be2 c5 6. c3 d5 7. O-O Nc6 8. Nbd2
Nh5 9. Bg5 h6 10. Bh4 g5 11. Bg3 Nxg3 12. hxg3 cxd4 13. cxd4 Qd6 14. a3 Bf5 15.
Nb3 Rac8 16. Qd2 Be4 17. Rac1 f5 18. Nc5 b6 19. Nd3 Na5 1/2-1/2

[Event "3FoglarVeterans_SIM_B"]
[Site "?"]
[Date "2007.??.??"]
[Round "?"]
[White "Matousek, Jan"]
[Black "Cipka, Ivan"]
[Result "1-0"]
[WhiteElo "2314"]
[BlackElo "2282"]
[PlyCount "25"]
[EventDate "2007.??.??"]
[EventType "corr"]
[SourceDate "2007.05.17"]

1. d4 d5 2. c4 dxc4 3. Nf3 Nf6 4. e3 Be6 5. Nc3 c6 6. Ng5 Bd5 7. e4 h6 8. exd5
hxg5 9. dxc6 Nxc6 10. d5 Ne5 11. Bxg5 a6 12. Qd4 Qb6 13. Qxb6 1-0

[Event "3FoglarVeterans_SIM_B"]
[Site "?"]
[Date "2007.??.??"]
[Round "?"]
[White "Brousek, Jiri"]
[Black "Christiansen, Tonny"]
[Result "1/2-1/2"]
[WhiteElo "2353"]
[BlackElo "2340"]
[PlyCount "50"]
[EventDate "2007.??.??"]
[EventType "corr"]
[SourceDate "2007.05.17"]

1. d4 Nf6 2. Nf3 d5 3. e3 e6 4. Bd3 c5 5. b3 Nc6 6. O-O Bd6 7. dxc5 Bxc5 8. Bb2
O-O 9. a3 Qe7 10. Nbd2 e5 11. b4 Bb6 12. b5 e4 13. bxc6 bxc6 14. Bxf6 gxf6 15.
a4 Kh8 16. a5 Bc7 17. g3 exd3 18. cxd3 c5 19. Qc2 Be6 20. Rfc1 Bd6 21. e4 Rac8
22. exd5 Bxd5 23. Re1 Qd7 24. Qc3 Qf5 25. Re3 Rg8 1/2-1/2

[Event "3FoglarVeterans_SIM_B"]
[Site "?"]
[Date "2007.??.??"]
[Round "?"]
[White "Glinz, Gustavo"]
[Black "Vasile, Constantin"]
[Result "1-0"]
[WhiteElo "2321"]
[BlackElo "2244"]
[PlyCount "69"]
[EventDate "2007.??.??"]
[EventType "corr"]
[SourceDate "2007.05.17"]

1. d4 Nf6 2. c4 g6 3. Nc3 Bg7 4. Nf3 O-O 5. e4 d6 6. g3 c5 7. d5 Qa5 8. Bd2 Qb6
9. h3 Na6 10. a3 Nc7 11. b4 Na6 12. Rb1 Qc7 13. Bd3 Nd7 14. Kf1 Nb6 15. Kg2 Bd7
16. Qb3 cxb4 17. axb4 Rac8 18. Nb5 Qb8 19. Nbd4 e5 20. dxe6 fxe6 21. Be3 Kh8
22. Rhc1 e5 23. Nb5 Be6 24. Qa2 Bf6 25. Be2 Be7 26. Nxa7 Qxa7 27. b5 Bd8 28.
Qa3 Rf6 29. bxa6 bxa6 30. c5 dxc5 31. Rxc5 h6 32. Rxc8 Bxc8 33. Nxe5 Kh7 34.
Ng4 Bxg4 35. hxg4 1-0

[Event "3FoglarVeterans_SIM_B"]
[Site "?"]
[Date "2007.??.??"]
[Round "?"]
[White "Glinz, Gustavo"]
[Black "Nocci, Roberto"]
[Result "1/2-1/2"]
[WhiteElo "2321"]
[BlackElo "2311"]
[PlyCount "39"]
[EventDate "2007.??.??"]
[EventType "corr"]
[SourceDate "2007.05.17"]

1. d4 Nf6 2. c4 e6 3. Nf3 d5 4. Nc3 c6 5. g3 dxc4 6. Ne5 Nbd7 7. Nxc4 b5 8. Ne3
Qb6 9. Bg2 Bb7 10. O-O Be7 11. Qc2 Rc8 12. Rd1 O-O 13. a4 b4 14. Nc4 Qa6 15.
Ne4 Nxe4 16. Bxe4 c5 17. Bxb7 Qxb7 18. Be3 Nf6 19. dxc5 Bxc5 20. Qd3 1/2-1/2

[Event "3FoglarVeterans_SIM_B"]
[Site "?"]
[Date "2007.??.??"]
[Round "?"]
[White "Glinz, Gustavo"]
[Black "Matousek, Jan"]
[Result "1/2-1/2"]
[WhiteElo "2321"]
[BlackElo "2314"]
[PlyCount "47"]
[EventDate "2007.??.??"]
[EventType "corr"]
[SourceDate "2007.05.17"]

1. c4 Nf6 2. g3 c6 3. Bg2 d5 4. d4 Bf5 5. Nf3 e6 6. O-O Nbd7 7. cxd5 exd5 8.
Nc3 Bd6 9. Nh4 Be6 10. Qd3 O-O 11. Nf5 Bc7 12. Qf3 Re8 13. Re1 h6 14. Bd2 Nb6
15. b3 Bd7 16. Bf4 Ne4 17. Bxc7 Qxc7 18. Rac1 Nc8 19. Qg4 Bxf5 20. Qxf5 Ncd6
21. Qf3 Qb6 22. Nxe4 Rxe4 23. e3 Re6 24. Bf1 1/2-1/2

[Event "3FoglarVeterans_SIM_B"]
[Site "?"]
[Date "2007.??.??"]
[Round "?"]
[White "Matousek, Jan"]
[Black "Christiansen, Tonny"]
[Result "1/2-1/2"]
[WhiteElo "2314"]
[BlackElo "2340"]
[PlyCount "52"]
[EventDate "2007.??.??"]
[EventType "corr"]
[SourceDate "2007.05.17"]

1. d4 f5 2. g3 Nf6 3. Bg2 g6 4. Nf3 Bg7 5. O-O O-O 6. c4 d6 7. Nc3 Qe8 8. d5
Na6 9. Rb1 e5 10. dxe6 Bxe6 11. Ng5 c6 12. Bf4 Rd8 13. Qb3 Bc8 14. Rfd1 h6 15.
Nf3 Ne4 16. Nxe4 fxe4 17. Nd4 Qf7 18. Be3 Nc7 19. Nc2 b5 20. cxb5 Be6 21. Qa4
cxb5 22. Qxe4 Bf5 23. Qc6 Ne6 24. Na3 b4 25. Nb5 Bxb1 26. Rxb1 Kh7 1/2-1/2

[Event "3FoglarVeterans_SIM_B"]
[Site "?"]
[Date "2007.??.??"]
[Round "?"]
[White "Pesa, Ladislav"]
[Black "Vasile, Constantin"]
[Result "1-0"]
[WhiteElo "2342"]
[BlackElo "2244"]
[PlyCount "65"]
[EventDate "2007.??.??"]
[EventType "corr"]
[SourceDate "2007.05.17"]

1. e4 c5 2. Nf3 Nc6 3. d4 cxd4 4. Nxd4 Nf6 5. Nc3 e5 6. Ndb5 d6 7. Bg5 a6 8.
Na3 b5 9. Bxf6 gxf6 10. Nd5 Bg7 11. c3 f5 12. Bd3 Ne7 13. Nxe7 Qxe7 14. O-O Bb7
15. Re1 O-O 16. exf5 Qg5 17. g3 d5 18. Nc2 e4 19. Bf1 Qxf5 20. a4 Qf6 21. axb5
axb5 22. Qh5 Rfb8 23. Rxa8 Rxa8 24. Ne3 Qg6 25. Qxg6 hxg6 26. Bxb5 Ra5 27. Be2
Ra2 28. Rb1 f5 29. Kf1 Kf8 30. Nc2 Bxc3 31. bxc3 Rxc2 32. Rxb7 Rxe2 33. Kxe2
1-0

[Event "3FoglarVeterans_SIM_B"]
[Site "?"]
[Date "2007.??.??"]
[Round "?"]
[White "Woznica, Miroslaw"]
[Black "Brousek, Jiri"]
[Result "1/2-1/2"]
[WhiteElo "2303"]
[BlackElo "2353"]
[PlyCount "79"]
[EventDate "2007.??.??"]
[EventType "corr"]
[SourceDate "2007.05.17"]

1. e4 e6 2. d4 d5 3. Nc3 Nf6 4. Bg5 Be7 5. e5 Nfd7 6. Bxe7 Qxe7 7. f4 O-O 8.
Nf3 c5 9. dxc5 Nc6 10. Bd3 f6 11. exf6 Nxf6 12. O-O Qxc5+ 13. Kh1 Bd7 14. Ne5
Be8 15. Qe1 Qb6 16. a4 a5 17. Nxc6 bxc6 18. Qxe6+ Kh8 19. Qd6 Bf7 20. Rae1 Qxb2
21. Ne2 Qb6 22. f5 Rad8 23. Qf4 c5 24. Rb1 Qd6 25. Qxd6 Rxd6 26. Nf4 c4 27. Be2
Be8 28. Ne6 Rg8 29. Nd4 Ra6 30. Ra1 Rb6 31. Kg1 Bd7 32. Bf3 c3 33. Be2 Rb4 34.
Nb5 Rc8 35. Rfd1 Bxf5 36. Nd6 Bxc2 37. Nxc8 Bxd1 38. Bxd1 d4 39. Bc2 Nd5 40.
Nd6 1/2-1/2

[Event "3FoglarVeterans_SIM_B"]
[Site "?"]
[Date "2007.??.??"]
[Round "?"]
[White "Matousek, Jan"]
[Black "Brousek, Jiri"]
[Result "1-0"]
[WhiteElo "2314"]
[BlackElo "2353"]
[PlyCount "63"]
[EventDate "2007.??.??"]
[EventType "corr"]
[SourceDate "2007.05.17"]

1. d4 e6 2. c4 Nf6 3. Nf3 d5 4. Nc3 Be7 5. Bf4 O-O 6. e3 a6 7. c5 b6 8. b4 Ne4
9. Qc2 f5 10. Nxe4 fxe4 11. Ne5 a5 12. Be2 axb4 13. cxb6 c5 14. dxc5 Ra5 15. a3
Bxc5 16. O-O bxa3 17. Rfb1 Bxb6 18. Bg4 Ra6 19. Rb3 Bc7 20. Rbxa3 Qe7 21. Rxa6
Nxa6 22. Qc3 Bb7 23. h3 Nc5 24. Ra7 Bb6 25. Ra2 Rc8 26. Qb4 Bd8 27. Ra7 Rc7 28.
Qb5 Qf8 29. Ra2 g5 30. Bg3 Kg7 31. Ra7 Kg8 32. Bh5 1-0

[Event "3FoglarVeterans_SIM_B"]
[Site "?"]
[Date "2007.??.??"]
[Round "?"]
[White "Woznica, Miroslaw"]
[Black "Pesa, Ladislav"]
[Result "1/2-1/2"]
[WhiteElo "2303"]
[BlackElo "2342"]
[PlyCount "58"]
[EventDate "2007.??.??"]
[EventType "corr"]
[SourceDate "2007.05.17"]

1. e4 Nf6 2. e5 Nd5 3. d4 d6 4. Nf3 g6 5. Bc4 Nb6 6. Bb3 Bg7 7. Ng5 e6 8. Qf3
Qe7 9. Ne4 dxe5 10. Bg5 Qb4+ 11. c3 Qa5 12. Bf6 O-O 13. Bxg7 Kxg7 14. Qf6+ Kg8
15. Qxe5 Qxe5 16. dxe5 Bd7 17. Nbd2 Bc6 18. O-O-O N8d7 19. f4 Nd5 20. g3 Rfd8
21. Rhe1 b5 22. Nf3 Ne7 23. Nd4 Bxe4 24. Rxe4 Nc5 25. Re2 Nxb3+ 26. axb3 Rdb8
27. Nc2 Kf8 28. Red2 Ke8 29. Rd3 h5 1/2-1/2

[Event "3FoglarVeterans_SIM_B"]
[Site "?"]
[Date "2007.??.??"]
[Round "?"]
[White "Brousek, Jiri"]
[Black "Illetsko, Jaroslav"]
[Result "1/2-1/2"]
[WhiteElo "2353"]
[BlackElo "2262"]
[PlyCount "54"]
[EventDate "2007.??.??"]
[EventType "corr"]
[SourceDate "2007.05.17"]

1. d4 Nf6 2. Nf3 g6 3. Nc3 d5 4. Bf4 Bg7 5. e3 O-O 6. Be2 c6 7. h3 b5 8. O-O
Nbd7 9. a4 b4 10. Na2 Qb6 11. a5 Qxa5 12. c3 bxc3 13. Nxc3 Qb4 14. Qc2 c5 15.
Bb5 cxd4 16. exd4 Nc5 17. Be5 Bf5 18. Nxd5 Nxd5 19. Qxc5 Rfd8 20. Bxg7 Kxg7 21.
Ne5 Rac8 22. Qxb4 Nxb4 23. Rxa7 Rxd4 24. Rxe7 Kf6 25. Nf3 Rf4 26. Rb7 Bxh3 27.
Re1 Be6 1/2-1/2

[Event "3FoglarVeterans_SIM_B"]
[Site "?"]
[Date "2007.??.??"]
[Round "?"]
[White "Woznica, Miroslaw"]
[Black "Matousek, Jan"]
[Result "1/2-1/2"]
[WhiteElo "2303"]
[BlackElo "2314"]
[PlyCount "55"]
[EventDate "2007.??.??"]
[EventType "corr"]
[SourceDate "2007.05.17"]

1. e4 c5 2. Nf3 Nc6 3. d4 cxd4 4. Nxd4 Nf6 5. Nc3 e5 6. Ndb5 d6 7. Bg5 a6 8.
Na3 b5 9. Nd5 Be7 10. Bxf6 Bxf6 11. c3 O-O 12. Nc2 Bg5 13. a4 bxa4 14. Rxa4 a5
15. Bb5 Ne7 16. Nxe7+ Qxe7 17. Nb4 Bg4 18. Nd5 Qb7 19. Qd3 Be6 20. b3 f5 21.
Bc4 Kh8 22. O-O Bd7 23. Raa1 fxe4 24. Qxe4 Qc6 25. Ra4 g6 26. Qd3 Kg7 27. g3
Bh3 28. Re1 1/2-1/2

[Event "3FoglarVeterans_SIM_B"]
[Site "?"]
[Date "2007.??.??"]
[Round "?"]
[White "Brousek, Jiri"]
[Black "Cipka, Ivan"]
[Result "1/2-1/2"]
[WhiteElo "2353"]
[BlackElo "2282"]
[PlyCount "41"]
[EventDate "2007.??.??"]
[EventType "corr"]
[SourceDate "2007.05.17"]

1. d4 d5 2. Nf3 Nc6 3. c4 e6 4. Nc3 Be7 5. e4 dxe4 6. Nxe4 Nf6 7. Nc3 O-O 8.
Be2 b6 9. O-O Bb7 10. a3 Bd6 11. Bg5 h6 12. Bh4 Bf4 13. Qd3 g5 14. Bg3 Bxg3 15.
fxg3 g4 16. d5 gxf3 17. Qxf3 exd5 18. cxd5 Nd4 19. Qxf6 Nxe2+ 20. Nxe2 Qxd5 21.
Nf4 1/2-1/2

[Event "3FoglarVeterans_SIM_B"]
[Site "?"]
[Date "2007.??.??"]
[Round "?"]
[White "Matousek, Jan"]
[Black "Nocci, Roberto"]
[Result "1-0"]
[WhiteElo "2314"]
[BlackElo "2311"]
[PlyCount "71"]
[EventDate "2007.??.??"]
[EventType "corr"]
[SourceDate "2007.05.17"]

1. d4 f5 2. g3 Nf6 3. Bg2 d6 4. Nf3 g6 5. O-O Bg7 6. c4 O-O 7. Nc3 Qe8 8. d5
Na6 9. Rb1 Bd7 10. b4 c6 11. dxc6 bxc6 12. a3 Nc7 13. Bb2 Ne6 14. c5 Ne4 15.
Qb3 d5 16. Nxe4 fxe4 17. Ne5 a5 18. Nxd7 Qxd7 19. Bh3 axb4 20. axb4 Bxb2 21.
Qxb2 Rf6 22. f3 Qc7 23. fxe4 Ng5 24. Bg2 Nxe4 25. Bxe4 dxe4 26. Rxf6 exf6 27.
Qxf6 Qd7 28. Rf1 e3 29. h4 Re8 30. Kg2 Qd5+ 31. Rf3 Qe4 32. Qf7+ Kh8 33. Kh2
Qe6 34. b5 Qxf7 35. Rxf7 Kg8 36. Rd7 1-0

[Event "3FoglarVeterans_SIM_B"]
[Site "?"]
[Date "2007.??.??"]
[Round "?"]
[White "Illetsko, Jaroslav"]
[Black "Pesa, Ladislav"]
[Result "1/2-1/2"]
[WhiteElo "2262"]
[BlackElo "2342"]
[PlyCount "44"]
[EventDate "2007.??.??"]
[EventType "corr"]
[SourceDate "2007.05.17"]

1. Nf3 Nf6 2. g3 c5 3. Bg2 d5 4. O-O Nc6 5. d4 e6 6. c4 dxc4 7. dxc5 Qxd1 8.
Rxd1 Bxc5 9. Nbd2 c3 10. bxc3 O-O 11. Nb3 Be7 12. Nfd4 Bd7 13. Bg5 Rfd8 14.
Bxf6 gxf6 15. Nxc6 Bxc6 16. Bxc6 bxc6 17. e4 Rab8 18. Kf1 c5 19. Rxd8+ Bxd8 20.
Rd1 c4 21. Nd2 Ba5 22. Rc1 Rc8 1/2-1/2

[Event "3FoglarVeterans_SIM_B"]
[Site "?"]
[Date "2007.??.??"]
[Round "?"]
[White "Glinz, Gustavo"]
[Black "Mokrinsky, Evgeny E."]
[Result "1/2-1/2"]
[WhiteElo "2321"]
[BlackElo "2341"]
[PlyCount "35"]
[EventDate "2007.??.??"]
[EventType "corr"]
[SourceDate "2007.05.17"]

1. e4 c5 2. c3 d5 3. Nf3 dxe4 4. Qa4+ Nd7 5. Qxe4 Ngf6 6. Qe2 g6 7. g3 Bg7 8.
Bg2 O-O 9. O-O Nb6 10. Re1 Re8 11. Ne5 Qc7 12. a4 a6 13. a5 Nbd5 14. d3 Be6 15.
Nd2 Rad8 16. Ndc4 Nd7 17. Nf3 h6 18. Qf1 1/2-1/2

[Event "3FoglarVeterans_SIM_B"]
[Site "?"]
[Date "2007.??.??"]
[Round "?"]
[White "Weber, Karlheinz"]
[Black "Christiansen, Tonny"]
[Result "1/2-1/2"]
[WhiteElo "2298"]
[BlackElo "2340"]
[PlyCount "49"]
[EventDate "2007.??.??"]
[EventType "corr"]
[SourceDate "2007.05.17"]

1. d4 Nf6 2. c4 g6 3. Nc3 Bg7 4. Nf3 d6 5. e4 O-O 6. Be2 e5 7. O-O Nc6 8. d5
Ne7 9. b4 Nh5 10. Re1 f5 11. Ng5 Nf6 12. Bf3 c6 13. Be3 h6 14. Ne6 Bxe6 15.
dxe6 Kh7 16. g3 fxe4 17. Nxe4 d5 18. cxd5 cxd5 19. Nxf6+ Rxf6 20. Bc5 Rxe6 21.
Qb3 e4 22. Rad1 Qc7 23. Bg4 Re5 24. Bxe7 Rxe7 25. Qxd5 1/2-1/2

[Event "3FoglarVeterans_SIM_B"]
[Site "?"]
[Date "2007.??.??"]
[Round "?"]
[White "Woznica, Miroslaw"]
[Black "Vasile, Constantin"]
[Result "1-0"]
[WhiteElo "2303"]
[BlackElo "2244"]
[PlyCount "87"]
[EventDate "2007.??.??"]
[EventType "corr"]
[SourceDate "2007.05.17"]

1. e4 c5 2. Nf3 Nc6 3. d4 cxd4 4. Nxd4 Nf6 5. Nc3 e5 6. Ndb5 d6 7. Bg5 a6 8.
Na3 b5 9. Nd5 Be7 10. Bxf6 Bxf6 11. c3 Bg5 12. Nc2 Rb8 13. a4 bxa4 14. Ncb4
Nxb4 15. Nxb4 Bd7 16. Bxa6 O-O 17. O-O Qe8 18. Bd3 Qe6 19. Bc2 Bb5 20. Re1 Qh6
21. Qf3 Ra8 22. Red1 Ra7 23. g3 Rb8 24. h4 Bd8 25. b3 a3 26. Bd3 Raa8 27. Bxb5
Rxb5 28. Qd3 Rb6 29. Qd5 Rbb8 30. Nc6 Rc8 31. b4 Qf6 32. Rd2 h6 33. Rda2 Qf3
34. Nxd8 Rxd8 35. Rxa3 Rxa3 36. Rxa3 Kh7 37. Ra7 Qxc3 38. Qxf7 Rg8 39. Qf5+ Kh8
40. b5 Qc4 41. Rb7 Qc8 42. Qxc8 Rxc8 43. b6 Rc4 44. Rc7 1-0

[Event "3FoglarVeterans_SIM_B"]
[Site "?"]
[Date "2007.??.??"]
[Round "?"]
[White "Pesa, Ladislav"]
[Black "Brousek, Jiri"]
[Result "1/2-1/2"]
[WhiteElo "2342"]
[BlackElo "2353"]
[PlyCount "52"]
[EventDate "2007.??.??"]
[EventType "corr"]
[SourceDate "2007.05.17"]

1. e4 e6 2. d4 d5 3. Nc3 Nf6 4. e5 Nfd7 5. f4 c5 6. Nf3 Nc6 7. Be3 cxd4 8. Nxd4
Bc5 9. Qd2 O-O 10. O-O-O a6 11. Qf2 Bxd4 12. Bxd4 b5 13. Be3 b4 14. Na4 Qa5 15.
b3 Qc7 16. Bd3 Qd8 17. g4 a5 18. h4 Ba6 19. Bxa6 Rxa6 20. h5 Re8 21. Kb1 Qc7
22. h6 g6 23. Nc5 Nxc5 24. Bxc5 Na7 25. Bxa7 Rxa7 26. Qh4 Rc8 1/2-1/2

[Event "3FoglarVeterans_SIM_B"]
[Site "?"]
[Date "2007.??.??"]
[Round "?"]
[White "Illetsko, Jaroslav"]
[Black "Woznica, Miroslaw"]
[Result "1/2-1/2"]
[WhiteElo "2262"]
[BlackElo "2303"]
[PlyCount "43"]
[EventDate "2007.??.??"]
[EventType "corr"]
[SourceDate "2007.05.17"]

1. e4 c6 2. d4 d5 3. Nd2 dxe4 4. Nxe4 Bf5 5. Ng3 Bg6 6. h4 h6 7. Nh3 Nf6 8. c3
Nbd7 9. Nf4 Bh7 10. Bd3 Bxd3 11. Nxd3 e6 12. Bf4 Be7 13. Be5 O-O 14. O-O h5 15.
Qe2 a5 16. f4 b5 17. Ne4 c5 18. Ne1 Rb8 19. Qf3 c4 20. b4 Rb6 21. Qg3 a4 22.
Kh2 1/2-1/2

[Event "3FoglarVeterans_SIM_B"]
[Site "?"]
[Date "2007.??.??"]
[Round "?"]
[White "Brousek, Jiri"]
[Black "Weber, Karlheinz"]
[Result "1/2-1/2"]
[WhiteElo "2353"]
[BlackElo "2298"]
[PlyCount "73"]
[EventDate "2007.??.??"]
[EventType "corr"]
[SourceDate "2007.05.17"]

1. d4 d5 2. Nf3 Nf6 3. e3 c5 4. c4 cxd4 5. exd4 Nc6 6. Nc3 Bg4 7. cxd5 Nxd5 8.
Bb5 Qa5 9. a4 Nxc3 10. bxc3 Qxc3+ 11. Bd2 Bxf3 12. Bxc3 Bxd1 13. d5 Bc2 14.
dxc6 O-O-O 15. Rc1 a6 16. Bxa6 bxa6 17. Rxc2 Rd5 18. Bd2 e6 19. Ke2 Re5+ 20.
Be3 Bb4 21. Rc4 a5 22. c7 Re8 23. Rd1 Rd5 24. Bb6 Re7 25. Rb1 g6 26. Rcc1 Red7
27. h3 f5 28. g3 e5 29. h4 e4 30. Kf1 h6 31. Kg2 h5 32. Rc4 Rd1 33. Rxd1 Rxd1
34. Rc6 Rd6 35. Rxd6 Bxd6 36. Bxa5 Bc5 37. Kf1 1/2-1/2

[Event "3FoglarVeterans_SIM_B"]
[Site "?"]
[Date "2007.??.??"]
[Round "?"]
[White "Cipka, Ivan"]
[Black "Woznica, Miroslaw"]
[Result "1/2-1/2"]
[WhiteElo "2282"]
[BlackElo "2303"]
[PlyCount "57"]
[EventDate "2007.??.??"]
[EventType "corr"]
[SourceDate "2007.05.17"]

1. e4 c6 2. Nf3 d5 3. e5 Bg4 4. d4 e6 5. c3 Nd7 6. Be2 Ne7 7. O-O c5 8. c4 Bxf3
9. Bxf3 cxd4 10. cxd5 Nxe5 11. Qa4+ Qd7 12. Qxd7+ Kxd7 13. dxe6+ Kxe6 14. Bxb7
Rb8 15. Be4 f5 16. Bc2 Kf6 17. Rd1 N7c6 18. Ba4 Rc8 19. Nd2 Bc5 20. Bb5 Rhd8
21. Nb3 Bb6 22. Bd2 d3 23. Ba6 Rc7 24. Bc3 Kg5 25. Rd2 Nd4 26. Nxd4 Bxd4 27.
Ba5 Bb6 28. Bc3 Bd4 29. Ba5 1/2-1/2

[Event "3FoglarVeterans_SIM_B"]
[Site "?"]
[Date "2007.??.??"]
[Round "?"]
[White "Mokrinsky, Evgeny E."]
[Black "Woznica, Miroslaw"]
[Result "1/2-1/2"]
[WhiteElo "2341"]
[BlackElo "2303"]
[PlyCount "48"]
[EventDate "2007.??.??"]
[EventType "corr"]
[SourceDate "2007.05.17"]

1. e4 c6 2. d4 d5 3. exd5 cxd5 4. Bd3 Nc6 5. c3 Qc7 6. Ne2 Bg4 7. O-O e6 8. Qe1
Be7 9. Na3 Bxa3 10. bxa3 Nge7 11. Bf4 Qd7 12. Ng3 O-O 13. h3 Bf5 14. Nxf5 Nxf5
15. Qb1 f6 16. Re1 g6 17. Qb3 Rae8 18. Rad1 b6 19. Bb5 Re7 20. Qa4 Rc8 21. Qa6
Rce8 22. Rd3 Nd6 23. Ba4 Nc4 24. Bb5 Nd6 1/2-1/2

[Event "3FoglarVeterans_SIM_B"]
[Site "?"]
[Date "2007.??.??"]
[Round "?"]
[White "Vasile, Constantin"]
[Black "Matousek, Jan"]
[Result "0-1"]
[WhiteElo "2244"]
[BlackElo "2314"]
[PlyCount "74"]
[EventDate "2007.??.??"]
[EventType "corr"]
[SourceDate "2007.05.17"]

1. e4 c5 2. Nf3 Nc6 3. d4 cxd4 4. Nxd4 Nf6 5. Nc3 e5 6. Ndb5 d6 7. Nd5 Nxd5 8.
exd5 Nb8 9. Bd3 a6 10. Nc3 Be7 11. O-O O-O 12. a4 f5 13. Qh5 e4 14. Bc4 Nd7 15.
Bf4 Qc7 16. Be2 Ne5 17. a5 Bd7 18. Qh3 Rab8 19. Rfd1 Bf6 20. Qg3 b6 21. axb6
Rxb6 22. Bc1 a5 23. Ra2 Ng6 24. Qe3 Rb4 25. Bh5 Be5 26. Bxg6 hxg6 27. Qe2 Ra8
28. Ra3 a4 29. Qe3 f4 30. Qe1 Qc5 31. h3 Bf5 32. Qf1 f3 33. g4 Bd7 34. Qe1 Re8
35. Qe3 Qc8 36. Qg5 e3 37. Bxe3 Bxg4 0-1

[Event "3FoglarVeterans_SIM_B"]
[Site "?"]
[Date "2007.??.??"]
[Round "?"]
[White "Illetsko, Jaroslav"]
[Black "Vasile, Constantin"]
[Result "1/2-1/2"]
[WhiteElo "2262"]
[BlackElo "2244"]
[PlyCount "60"]
[EventDate "2007.??.??"]
[EventType "corr"]
[SourceDate "2007.05.17"]

1. e4 c5 2. Nf3 Nc6 3. d4 cxd4 4. Nxd4 Nf6 5. Nc3 e5 6. Ndb5 d6 7. Bg5 a6 8.
Na3 b5 9. Bxf6 gxf6 10. Nd5 Bg7 11. c3 f5 12. exf5 Bxf5 13. Nc2 O-O 14. Nce3
Be6 15. Bd3 f5 16. O-O Kh8 17. Qh5 e4 18. Bc2 Ne7 19. Rad1 Rb8 20. Nf4 Bf7 21.
Qg5 b4 22. Nxf5 Nxf5 23. Qxf5 Qe8 24. Qxe4 Qxe4 25. Bxe4 bxc3 26. bxc3 Bc4 27.
g3 Bxf1 28. Kxf1 Be5 29. Ne2 Rb2 30. Bd5 Rfb8 1/2-1/2

[Event "3FoglarVeterans_SIM_B"]
[Site "?"]
[Date "2007.??.??"]
[Round "?"]
[White "Illetsko, Jaroslav"]
[Black "Matousek, Jan"]
[Result "1/2-1/2"]
[WhiteElo "2262"]
[BlackElo "2314"]
[PlyCount "49"]
[EventDate "2007.??.??"]
[EventType "corr"]
[SourceDate "2007.05.17"]

1. e4 c5 2. Nf3 Nc6 3. Bb5 g6 4. O-O Bg7 5. Nc3 e5 6. a3 Nge7 7. d3 O-O 8. Bc4
d6 9. Be3 Nd4 10. Bg5 Qc7 11. Nxd4 cxd4 12. Bxe7 Qxe7 13. Nd5 Qg5 14. Qc1 Qxc1
15. Raxc1 Bh6 16. Ra1 Kg7 17. c3 dxc3 18. bxc3 Be6 19. Rfb1 Rab8 20. Rb3 Rfc8
21. Rab1 b6 22. Kf1 Rc5 23. Ke2 Ra5 24. f3 Bd7 25. Ra1 1/2-1/2

[Event "3FoglarVeterans_SIM_B"]
[Site "?"]
[Date "2007.??.??"]
[Round "?"]
[White "Matousek, Jan"]
[Black "Weber, Karlheinz"]
[Result "1/2-1/2"]
[WhiteElo "2314"]
[BlackElo "2298"]
[PlyCount "69"]
[EventDate "2007.??.??"]
[EventType "corr"]
[SourceDate "2007.05.17"]

1. d4 d5 2. c4 dxc4 3. Nf3 Nf6 4. e3 e6 5. Bxc4 a6 6. O-O c5 7. Qe2 b5 8. Bd3
cxd4 9. exd4 Bb7 10. a4 bxa4 11. Bg5 Be7 12. Rxa4 O-O 13. Nc3 Nc6 14. Ne4 Nxe4
15. Qxe4 g6 16. Qf4 Bd6 17. Qh4 f6 18. Bh6 Rf7 19. Bc4 Qd7 20. Re1 Nd8 21. b3
Bd5 22. Qg4 Bxc4 23. Rxc4 Rb8 24. Nd2 Bb4 25. Qg3 Rb5 26. h3 e5 27. Re2 Ne6 28.
dxe5 fxe5 29. Qg4 Bf8 30. Bxf8 Kxf8 31. Nf3 Nd4 32. Nxd4 Qxg4 33. hxg4 exd4 34.
Rxd4 Rxb3 35. Ra2 1/2-1/2